Introduction to scientific research (Record no. 20455)

MARC details
000 -LEADER
fixed length control field 00278nam a2200109Ia 4500
082 ## - DEWEY DECIMAL CLASSIFICATION NUMBER
Classification number 001.8
Item number WIL
100 ## - MAIN ENTRY--AUTHOR NAME
Personal name Wilson, B E
245 #0 - TITLE STATEMENT
Title Introduction to scientific research
260 ## - PUBLICATION, DISTRIBUTION, ETC. (IMPRINT)
Place of publication New York
Name of publisher McGraw Hill
Year of publication 1952
942 ## - ADDED ENTRY ELEMENTS (KOHA)
Koha item type Books
Holdings
Withdrawn status Lost status Damaged status Not for loan Home library Current library Date acquired Cost, normal purchase price Full call number Accession Number Koha item type
        RRII Library RRII Library 16/12/2021 2.95 001.8 WIL 01181 Books